000 01397 a2200265 4500
003 Nust
005 20220818102150.0
010 _a 2007045746
020 _a0470725060 (cloth : alk. paper)
020 _a0470869860
035 _a(OCoLC)180907993
035 _a(OCoLC)ocn180907993
040 _cNust
082 0 0 _a621.3822,GOL
100 1 _aGolding, Paul,
_997925
245 1 0 _aNext generation wireless applications /
_cPaul Golding.
260 _aChichester, England ;
_aHoboken, NJ :
_bJ. Wiley & Sons,
_cc2004.
300 _axxvi, 563 p. :
_bill., maps ;
_c26 cm.
505 _aIntroduction (Page-9), Mobile Service Delivery (Page-37), The Mobile Services Technologies Landscape (Page-69),IP Centric Mobile networking Power (Page-113), Client Server Platforms for Mobile Services (Page-157), Content Sharing Protocols Vital to Mobile Services (Page-185), J2EE Presentation Layer (Page-225), Uising J2EE for Mobile Services (Page-301), Devices (Page-335), Mobile Application Paradigms (Page-383), The RF Network (Page-449), Mobile locations Services (Page-507),
650 0 _aMobile communication systems.
_918556
650 0 _aTelecommunication engineering
856 4 2 _3Publisher description
_uhttp://www.loc.gov/catdir/enhancements/fy0804/2007045746-d.html
856 4 2 _3Table of contents only
_uhttp://www.loc.gov/catdir/enhancements/fy0804/2007045746-t.html
942 _cREF
_2ddc
999 _c175777
_d175777